| 000 | 00319nam a2200133 i 4500 | ||
|---|---|---|---|
| 001 | bg | ||
| 100 | 1 | _aMAZUR, B. | |
| 245 | 0 |
_aWielopłaszczyznowa analiza procesu kształcenia / _cB. Mazur. |
|
| 260 |
_aWrocław, _c1983. |
||
| 040 | _cBPK | ||
| 041 | _apol | ||
| 942 | _cKS | ||
| 008 | s pl f |000 0 pol | ||
| 999 |
_c23006 _d23006 |
||
| 856 |
_uhttp://koha.tu.koszalin.pl/cgi-bin/koha/opac-detail.pl?biblionumber=23006 _yKatalog online BPK |
||